000 00604nam a2200253Ia 4500
003 OSt
005 20221005131715.0
006 a|||||r|||| 00| 0
007 ta
008 221004b |||||||| |||| 00| 0 eng d
024 _a67736
037 _cTextual
040 _aCRL
_cCRL
_beng
041 _2eng
_aeng
082 _aX:3M24, K4
100 _aMehta Ashoka
245 0 _aStudies in socialism
250 _a2nd
260 _c1964
490 _aBhavans book university, 55
650 _aECONOMICS
942 _hX:3M24, K4
_cTEXL
_2cc
999 _c1061169
_d1061169